00287nam a22001217a 4500020001500000082001700015100001700032245004600049250000600095260002200101300000800123650003400131 a007058916x a541.3076 MET aMetz Clyde.R aTheory and Problems of Physical Chemistry a2 aIndiabTatac2004 a500 aChemistryaPhysical Chemistry